| 000 | 00378pam a2200157a 44500 | ||
|---|---|---|---|
| 008 | 230515b2002 xxu||||| |||| 00| 0 eng d | ||
| 020 | _aNULL | ||
| 041 | _aENG | ||
| 082 | _a610.73 | ||
| 100 | _aMarlow | ||
| 245 | _aText book of Pediatric Nursing | ||
| 250 | _a0 | ||
| 260 |
_aNULL _b"Library of congres catalonging in pub, nd, " _c2002 |
||
| 300 | _a1316 | ||
| 650 | _aN.D. | ||
| 999 |
_c524522 _d524522 |
||